Panamá después de Torrijos /

Despúes de la administración de Omar Torrijos en Panamá, se da un recorte del programa social y económico y se privatizan las empresas públicas. En 1984, queda electo Ardito Barleta, como nuevo presidente de esta república, muy ligado, por cierto, a los intereses de EEUU y de los organismos internac...

Descripció completa

Guardat en:
Dades bibliogràfiques
Autor principal: Klekovkin, Igor
Format: Text
Matèries:
Etiquetes: Afegir etiqueta
Sense etiquetes, Sigues el primer a etiquetar aquest registre!

MARC

LEADER 00000 a a2200000 04500
001 651
003
040
100 |a Klekovkin, Igor  
245 |a Panamá después de Torrijos /  |c Igor Klekovkin  
520 |a Despúes de la administración de Omar Torrijos en Panamá, se da un recorte del programa social y económico y se privatizan las empresas públicas. En 1984, queda electo Ardito Barleta, como nuevo presidente de esta república, muy ligado, por cierto, a los intereses de EEUU y de los organismos internacionales. Esta posición lo lleva a provocar su propia renuncia por parte del pueble panameño. Se nombra en su lugar a Eric Arturo Del Valle, cuya política neoliberal y torrijista, engrandece la deuda externa y repercute en las condiciones de vida de los habitantes de dicho país, convirtiéndolo en una figura netamente impopular. OB/EL  
650 |a RECESION ECONOMICA  
650 |a ESTRUCTURA SOCIAL  
650 |a ORGANIZACIONES INTERNACIONALES  
650 |a PRESTAMOS  
650 |a DEUDA EXTERNA  
650 |a TORRIJOS, OMAR  
650 |a PROBLEMAS SOCIALES  
650 |a POLITICA EXTERIOR  
773 |g número 5; páginas 4-16  
999 |c 27080  |d 27080